Statistiques concernant Chaînes de télévision françaises

Cliquez ici pour prendre le quiz!

Statistiques générales

  • Ce quiz a été pris 779 fois
  • Le résultat moyen est 22 sur 49

Statistiques - réponses

HintRéponse% Correct
2France 2
99%
1Télévision Française 1
99%
3France 3
98%
6Métropole 6
96%
5France 5
95%
9W9
92%
14France 4
91%
7ARTE
90%
8Canal 8
83%
10Télé Monte-Carlo
83%
15BFM TV
81%
18Gulli
81%
12NRJ 12
78%
19France Ô
68%
4Canal Plus
67%
24RMC Découverte
63%
11Nouvelle Télévision 1
60%
16Canal News
58%
17Canal Star
57%
26La Chaîne Info
56%
13La Chaîne parlementaire
54%
25Chérie 25
53%
21L'Équipe 21
52%
226ter
50%
2012-2016D8
47%
1975-1992Antenne 2
44%
2012-2016D17
40%
27France Info
38%
2005-2016I>Télé
38%
2005-2012Direct 8
29%
20HD1
26%
23Numéro 23
24%
1975-1992France Régions 3
23%
1986-1992La 5
22%
2008-2010Virgin 17
21%
2010-2012Direct Star
18%
1994-2002La Cinquième
13%
1964-1975ORTF Télévision 1
11%
2005-2007Europe 2 TV
9%
1964-1975ORTF Télévision 2
9%
1972-1975ORTF Télévision 3
9%
1986-1987TV6
7%
1949-1964RTF Télévision 1
3%
1964RTF Télévision 2
3%
1935-1937Radio-PTT Vision
2%
1944-1949RDF Télévision
2%
1994Télé Emploi
2%
1943-1944Fernsehsender Paris
1%
1937-1939Radiodiffusion nationale Télévision
1%

Distribution des résultats

Percentile par nombre de réponses

% des personnes avec chaque résultat

Votre développement - résultats

Vous n’avez pas pris ce quiz